[Event "V Festival Terre degli Elimi A"]
[Site "Erice ITA"]
[Date "2014.07.24"]
[Round "8"]
[White "Ovaskainen, Juha"]
[Black "De Coninck, Rafael"]
[WhiteElo "1839"]
[BlackElo "2133"]
[Result "1-0"]
[PlyCount "103"]
[EventDate "2014.07.19"]

1. e4 e6 2. d4 d5 3. Nd2 h6 4. Ngf3 Nf6 5. Bd3 c5 6. c3 Nc6 7. e5 Nd7 8. O-O g5
9. c4 cxd4 10. cxd5 Ndxe5 11. Nxe5 Nxe5 12. Bb5+ Bd7 13. Bxd7+ Qxd7 14. dxe6
fxe6 15. f4 Ng6 16. Qh5 Qg7 17. Ne4 O-O-O 18. fxg5 hxg5 19. Qxg5 Ne5 20. Bf4
Rd5 21. Nd6+ Kd7 22. Qxg7+ Bxg7 23. Ne4 Rf8 24. Rad1 Nc6 25. Rf3 Rdf5 26. Rdf1
Nb4 27. g4 Rd5 28. a3 Nc6 29. b4 b6 30. h4 d3 31. Bd2 Rxf3 32. Rxf3 Ke8 33. h5
Ne5 34. Rf4 Nc4 35. Nf6+ Bxf6 36. Rxc4 Rd4 37. Rxd4 Bxd4+ 38. Kg2 b5 39. Kf3
Bb2 40. Ke4 Bxa3 41. Kxd3 Bb2 42. Ke4 Kf7 43. g5 a6 44. Be1 Ba1 45. Bd2 Bb2 46.
Kd3 Be5 47. Be3 Bd6 48. Bd2 Be5 49. Bc3 Bf4 50. g6+ Kg8 51. Bd2 Be5 52. h6 1-0

[Event "V Festival Terre degli Elimi A"]
[Site "Erice ITA"]
[Date "2014.07.24"]
[Round "8"]
[White "Petkov, Vladimir"]
[Black "Aranaz Murillo, Amalia"]
[WhiteElo "2538"]
[BlackElo "2298"]
[Result "1-0"]
[PlyCount "47"]
[EventDate "2014.07.19"]

1. d4 e6 2. c4 Bb4+ 3. Nc3 c5 4. e3 Nc6 5. Nf3 Nf6 6. Bd3 cxd4 7. exd4 d5 8.
O-O dxc4 9. Bxc4 O-O 10. a3 Be7 11. Bf4 Nd5 12. Bg3 b6 13. Nxd5 exd5 14. Bb5
Bb7 15. Rc1 Rc8 16. Re1 a6 17. Bd3 Bf6 18. Bf5 Ra8 19. Rc3 g6 20. Bg4 Bc8 21.
Rxc6 Bxg4 22. Rd6 Qxd6 23. Bxd6 Rfe8 24. Be5 1-0

[Event "V Festival Terre degli Elimi A"]
[Site "Erice ITA"]
[Date "2014.07.24"]
[Round "8"]
[White "Ravagnani, Tiziano"]
[Black "Smith, Thijmen"]
[WhiteElo "2006"]
[BlackElo "2225"]
[Result "0-1"]
[PlyCount "94"]
[EventDate "2014.07.19"]

1. e4 c5 2. Nf3 d6 3. d4 cxd4 4. Nxd4 Nf6 5. Nc3 a6 6. Bg5 Nbd7 7. f4 Qc7 8.
Bd3 h6 9. Bh4 e6 10. O-O Be7 11. Qe2 O-O 12. Nf3 e5 13. Nd5 Nxd5 14. exd5 Nc5
15. Bxe7 Qxe7 16. Rae1 f6 17. Nh4 Nxd3 18. Qxd3 Rd8 19. Rf3 b5 20. h3 Ra7 21.
g4 Qe8 22. Ng6 Rc7 23. b3 b4 24. fxe5 Rc3 25. Qe4 Rxf3 26. e6 f5 27. gxf5 Rg3+
28. Kh2 Rxg6 29. fxg6 Qf8 30. Kg2 Qf6 31. Rf1 Qg5+ 32. Kh2 Re8 33. Rf5 Qd2+ 34.
Kg3 Bb7 35. e7 Bc8 36. Rf8+ Rxf8 37. exf8=Q+ Kxf8 38. Qf3+ Ke8 39. Qf7+ Kd8 40.
Qf8+ Kc7 41. Qxg7+ Bd7 42. Qf7 Qe3+ 43. Kg2 Qxh3+ 44. Kf2 Qf5+ 45. Ke3 Kb6 46.
Kd4 Qe5+ 47. Kc4 Qc3# 0-1

[Event "V Festival Terre degli Elimi A"]
[Site "Erice ITA"]
[Date "2014.07.24"]
[Round "8"]
[White "Sadzikowski, Daniel"]
[Black "Bijlsma, Nick"]
[WhiteElo "2481"]
[BlackElo "2210"]
[Result "1-0"]
[PlyCount "79"]
[EventDate "2014.07.19"]

1. g3 g6 2. Bg2 Bg7 3. e4 c5 4. Ne2 Nc6 5. O-O e5 6. f4 d6 7. f5 Nf6 8. h3 d5
9. g4 h5 10. exd5 Nxd5 11. fxg6 Be6 12. gxf7+ Kf8 13. g5 Qxg5 14. Kh1 Nd4 15.
d3 Ne3 16. Bxe3 Qxe3 17. Nxd4 exd4 18. Re1 Qh6 19. Nd2 Bxf7 20. Qf3 Kg8 21.
Qxb7 Rf8 22. Nc4 Qg6 23. Qxa7 Qg5 24. Qe7 Bf6 25. Qe4 Rh7 26. Rg1 Kh8 27. Bf3
Qh6 28. Rae1 Rg7 29. Rxg7 Bxg7 30. Ne5 Be8 31. Bg2 Qg5 32. Nf3 Qg3 33. Qh4 Qg6
34. Qg5 Qh7 35. Qxc5 Rg8 36. Ng5 Qg6 37. Be4 Qf6 38. Qf5 Qxf5 39. Bxf5 Bh6 40.
h4 1-0

[Event "V Festival Terre degli Elimi A"]
[Site "Erice ITA"]
[Date "2014.07.24"]
[Round "8"]
[White "Sardo, Gabriele"]
[Black "Senders, Mischa"]
[WhiteElo "2253"]
[BlackElo "2183"]
[Result "0-1"]
[PlyCount "109"]
[EventDate "2014.07.19"]

1. d4 d5 2. c4 c6 3. Nf3 Nf6 4. Qd3 e6 5. g3 Be7 6. Bg2 Nbd7 7. O-O O-O 8. Nc3
b6 9. b3 Bb7 10. Rd1 Rc8 11. e4 dxe4 12. Nxe4 c5 13. Nfg5 Nxe4 14. Nxe4 Bxe4
15. Qxe4 cxd4 16. Bb2 e5 17. f4 f6 18. Qd5+ Kh8 19. Bh3 Rc7 20. Rf1 Qa8 21.
Qxa8 Rxa8 22. fxe5 fxe5 23. Rf7 Nf6 24. Ba3 Re8 25. Rf1 d3 26. Rxe7 Rcxe7 27.
Bxe7 Rxe7 28. Kf2 e4 29. Ke3 Kg8 30. Bf5 g6 31. Bc8 Kg7 32. Bh3 Re5 33. Bc8 Rc5
34. Be6 Re5 35. Bc8 Kf7 36. h4 Ke7 37. Bh3 h5 38. b4 b5 39. Kd4 d2 40. Ke3 bxc4
41. Kxd2 e3+ 42. Ke2 Nd5 43. Rc1 Nxb4 44. a3 Nc6 45. Rxc4 Kd6 46. Bg2 Ne7 47.
Bh3 Rb5 48. Kxe3 Rb3+ 49. Kf2 Rxa3 50. Re4 Ra2+ 51. Kf3 Nc6 52. Kf4 Rh2 53. Bc8
Rf2+ 54. Kg5 Ne5 55. Ra4 0-1

[Event "V Festival Terre degli Elimi A"]
[Site "Erice ITA"]
[Date "2014.07.24"]
[Round "8"]
[White "Savalla, Pietro"]
[Black "Antoniacci, Riccardo"]
[WhiteElo "1894"]
[BlackElo "1877"]
[Result "1-0"]
[PlyCount "91"]
[EventDate "2014.07.19"]

1. d4 Nf6 2. Nf3 e6 3. e3 d5 4. Bd3 Nbd7 5. Nbd2 c5 6. c3 Be7 7. O-O b6 8. e4
dxe4 9. Nxe4 O-O 10. dxc5 Nxc5 11. Nxc5 Bxc5 12. Bg5 Bb7 13. Qe2 Be7 14. Bxf6
Bxf6 15. Be4 Qc7 16. h3 a5 17. Rfd1 a4 18. Bxb7 Qxb7 19. a3 Ra5 20. Rd2 Rd8 21.
Rxd8+ Bxd8 22. Rd1 Bf6 23. Rd2 g6 24. Qd3 e5 25. Qd7 Qxd7 26. Rxd7 Rb5 27. Rd2
e4 28. Nd4 Bxd4 29. cxd4 f5 30. d5 Kf8 31. Kh2 Ke7 32. d6+ Kd7 33. Kg3 g5 34.
Kh2 Rb3 35. Rd5 Rxb2 36. Rxf5 Rb3 37. Rxg5 Rxa3 38. Rg7+ Kxd6 39. Rxh7 Rc3 40.
Ra7 b5 41. h4 Ke6 42. h5 Kf6 43. h6 Rc5 44. g4 Kg5 45. h7 Rc8 46. Rg7+ 1-0

[Event "V Festival Terre degli Elimi A"]
[Site "Erice ITA"]
[Date "2014.07.24"]
[Round "8"]
[White "Sieciechowicz, Marcin"]
[Black "Larsen, Karsten"]
[WhiteElo "2438"]
[BlackElo "2265"]
[Result "1-0"]
[PlyCount "145"]
[EventDate "2014.07.19"]

1. d4 d5 2. c4 e6 3. Nc3 Be7 4. Nf3 Nf6 5. Bg5 O-O 6. e3 h6 7. Bxf6 Bxf6 8. Qb3
c6 9. Bd3 Nd7 10. Rd1 Qe7 11. O-O dxc4 12. Bxc4 b5 13. Bd3 Bb7 14. Bb1 Rfd8 15.
Ne4 Rac8 16. Qc2 g6 17. Nc5 Nxc5 18. dxc5 a5 19. a3 a4 20. Nd2 Be5 21. f4 Bc7
22. Qc3 f5 23. Nf3 Rd5 24. Ba2 Re8 25. Bxd5 exd5 26. Rde1 Bc8 27. Nd4 Bd7 28.
Kh1 Kh7 29. Rf3 Qd8 30. Rc1 Re4 31. Rh3 Qf8 32. Nf3 Kg8 33. b3 axb3 34. Qxb3
Be8 35. Qd3 Bd8 36. Nd4 Bf6 37. Rg3 Kh7 38. Qd2 Qe7 39. Rh3 Qa7 40. Qd3 Qa4 41.
Nf3 Kg7 42. Nd2 Re7 43. Rg1 Bd7 44. Rb1 Be6 45. Nf3 Bd7 46. Ne5 Be8 47. Rf3 Qa7
48. Rc1 Qc7 49. Rf2 Bxe5 50. fxe5 Rxe5 51. Qc3 Qe7 52. Rf4 Kh7 53. Re1 g5 54.
Rff1 Bg6 55. Qa5 Re4 56. Qb6 Qe8 57. Qc7+ Re7 58. Qg3 Re4 59. Qc7+ Re7 60. Qa5
Re4 61. a4 Rxa4 62. Qc7+ Kg8 63. Ra1 f4 64. exf4 Bd3 65. Rfe1 Be4 66. fxg5 hxg5
67. Qg3 Qg6 68. Rxa4 bxa4 69. Rf1 d4 70. Qb8+ Kh7 71. Qa7+ Kh6 72. Qe7 Qg8 73.
Qxe4 1-0

[Event "V Festival Terre degli Elimi A"]
[Site "Erice ITA"]
[Date "2014.07.24"]
[Round "8"]
[White "Valguarnera, Girolamo"]
[Black "De Wit, Tex"]
[WhiteElo "2090"]
[BlackElo "2330"]
[Result "1-0"]
[PlyCount "71"]
[EventDate "2014.07.19"]

1. e4 d6 2. d4 g6 3. Nc3 Bg7 4. Nf3 Nf6 5. Be2 O-O 6. O-O Bg4 7. h3 Bxf3 8.
Bxf3 Nc6 9. d5 Nb8 10. Be2 c6 11. dxc6 Nxc6 12. Rb1 Qa5 13. Bd2 Rac8 14. a3 a6
15. Re1 Nd7 16. Nd5 Qd8 17. Bg5 h6 18. Be3 Kh7 19. Bg4 e6 20. Nc3 Nc5 21. Be2
Bxc3 22. bxc3 Nxe4 23. Rxb7 Nxc3 24. Qd2 Ne4 25. Qc1 Nc5 26. Rb1 Ne5 27. Bxh6
Ncd3 28. Qd2 Nxe1 29. Bxf8 N1f3+ 30. gxf3 Qxf8 31. Rb4 Qd8 32. f4 Nc6 33. Rb7
Qf6 34. Qxd6 Nd4 35. Bg4 Rxc2 36. Qf8 1-0

[Event "V Festival Terre degli Elimi A"]
[Site "Erice ITA"]
[Date "2014.07.24"]
[Round "8"]
[White "Van Der Eijk, Martijn"]
[Black "Ferro, Mario"]
[WhiteElo "2198"]
[BlackElo "2242"]
[Result "1-0"]
[PlyCount "49"]
[EventDate "2014.07.19"]

1. c4 e5 2. Nc3 f5 3. Nf3 d6 4. d4 e4 5. Ng5 c6 6. Nh3 Nf6 7. e3 Be6 8. Be2 Qd7
9. d5 Bf7 10. O-O h6 11. f3 exf3 12. Bxf3 Be7 13. b3 O-O 14. Bb2 Na6 15. Qd4
Bd8 16. dxc6 bxc6 17. Rad1 Ne8 18. Qd2 Bb6 19. Kh1 Rd8 20. e4 fxe4 21. Bxe4 Nf6
22. Rxf6 gxf6 23. Qxh6 Be8 24. Rd3 Rf7 25. Rg3+ 1-0

[Event "V Festival Terre degli Elimi A"]
[Site "Erice ITA"]
[Date "2014.07.24"]
[Round "8"]
[White "Vanparys, Philip"]
[Black "Levitt, Jonathan Paul"]
[WhiteElo "2141"]
[BlackElo "2420"]
[Result "0-1"]
[PlyCount "83"]
[EventDate "2014.07.19"]

1. d4 Nf6 2. c4 e6 3. Nc3 Bb4 4. Nf3 Ne4 5. Qd3 Nxc3 6. bxc3 Be7 7. g3 d6 8.
Bg2 Nd7 9. O-O b6 10. Rd1 Rb8 11. a4 a5 12. e4 Ba6 13. h4 O-O 14. Bh3 Re8 15.
Bf4 Nf8 16. Nd2 e5 17. Be3 Bf6 18. Qc2 Qe7 19. Rab1 Ne6 20. d5 Nf8 21. Kh2 Rbd8
22. Rg1 Bc8 23. Qd1 Bxh3 24. Kxh3 g6 25. g4 Bg7 26. Nf1 Nd7 27. Ng3 Rf8 28. Rg2
Kh8 29. h5 Rg8 30. Qd2 Nc5 31. h6 Bf8 32. Qd1 Qd7 33. Qf3 Qe7 34. Qd1 Qe8 35.
Rb5 Be7 36. f4 exf4 37. Qd4+ f6 38. g5 Qd7+ 39. Kh4 Rgf8 40. Bxf4 Rf7 41. Rf2
Kg8 42. Be3 0-1

[Event "V Festival Terre degli Elimi A"]
[Site "Erice ITA"]
[Date "2014.07.24"]
[Round "8"]
[White "Violi, Vincenzo"]
[Black "Peat, Matthew"]
[WhiteElo "1839"]
[BlackElo "2056"]
[Result "1/2-1/2"]
[PlyCount "36"]
[EventDate "2014.07.19"]

1. e4 c6 2. d4 d5 3. e5 Bf5 4. h4 h5 5. Bg5 Qb6 6. Bd3 Bxd3 7. Qxd3 e6 8. Nd2
Ne7 9. Ngf3 Nf5 10. O-O Qa6 11. c4 Nd7 12. b3 Be7 13. Rfe1 Rd8 14. Qc3 Qb6 15.
Bxe7 Kxe7 16. c5 Qc7 17. b4 Nf8 18. b5 cxb5 1/2-1/2

[Event "V Festival Terre degli Elimi A"]
[Site "Erice ITA"]
[Date "2014.07.25"]
[Round "9"]
[White "Amato, Andrea"]
[Black "Favaloro, Andrea"]
[WhiteElo "2350"]
[BlackElo "2008"]
[Result "1-0"]
[PlyCount "63"]
[EventDate "2014.07.19"]

1. c4 Nf6 2. g3 g6 3. Bg2 Bg7 4. Nc3 O-O 5. e3 c6 6. Nge2 d5 7. cxd5 cxd5 8. d4
Nc6 9. O-O b6 10. Re1 Bb7 11. b3 Qd7 12. Ba3 Rfc8 13. Rc1 Bf8 14. Nf4 e6 15.
Bxf8 Kxf8 16. Bf1 Kg7 17. Nd3 Qe7 18. f4 Ba6 19. Ne5 Bxf1 20. Rxf1 Qb7 21. g4
Nxe5 22. fxe5 Ne4 23. Nxe4 dxe4 24. Rc4 b5 25. Rxc8 Rxc8 26. Qe2 b4 27. Qf2 Rc3
28. Qf4 Qc7 29. d5 exd5 30. Qf6+ Kh6 31. Rf5 Rc1+ 32. Kg2 1-0

[Event "V Festival Terre degli Elimi A"]
[Site "Erice ITA"]
[Date "2014.07.25"]
[Round "9"]
[White "Aranaz Portugues, Jose' Carlos"]
[Black "Mantovani, Renzo"]
[WhiteElo "2096"]
[BlackElo "2349"]
[Result "0-1"]
[PlyCount "134"]
[EventDate "2014.07.19"]

1. d4 d5 2. c4 c6 3. Nf3 Nf6 4. e3 Bf5 5. Qb3 Qb6 6. Nc3 e6 7. Be2 Nbd7 8. O-O
h6 9. Bd2 Be7 10. Rfc1 O-O 11. Na4 Qxb3 12. axb3 Ne4 13. Be1 Rfe8 14. b4 dxc4
15. Nc5 Nexc5 16. bxc5 Bd3 17. Bxd3 cxd3 18. b4 Bf6 19. Ra3 e5 20. dxe5 Nxe5
21. Nxe5 Bxe5 22. Rxd3 Red8 23. Rcd1 Bf6 24. Kf1 Kf8 25. Ke2 Ke7 26. f3 h5 27.
Bg3 Rxd3 28. Rxd3 a5 29. bxa5 Rxa5 30. Bd6+ Ke6 31. f4 g6 32. e4 Rb5 33. Kf3
Bd8 34. Bf8 Be7 35. Bxe7 Kxe7 36. Rc3 Rb2 37. h4 Rb4 38. g3 Ke6 39. Ke3 Kd7 40.
Kf3 Kc7 41. e5 Kd7 42. g4 Ke6 43. Rd3 Rc4 44. gxh5 gxh5 45. Rd6+ Ke7 46. Rh6
Rxc5 47. Rxh5 Rc3+ 48. Ke4 Rc4+ 49. Kf5 b5 50. Rh8 b4 51. Rb8 c5 52. h5 Rc2 53.
Rb7+ Ke8 54. Kf6 Rh2 55. Rb8+ Kd7 56. Kxf7 Kc7 57. Rg8 Rxh5 58. Ke6 b3 59. Rg3
b2 60. Rb3 Rh6+ 61. Ke7 Rb6 62. Rxb2 Rxb2 63. f5 c4 64. f6 c3 65. f7 Rf2 66. e6
c2 67. Ke8 c1=Q 0-1

[Event "V Festival Terre degli Elimi A"]
[Site "Erice ITA"]
[Date "2014.07.25"]
[Round "9"]
[White "Bijlsma, Nick"]
[Black "Adrian, Claude"]
[WhiteElo "2210"]
[BlackElo "2236"]
[Result "1-0"]
[PlyCount "73"]
[EventDate "2014.07.19"]

1. e4 e6 2. d4 d5 3. Nd2 Nf6 4. e5 Nfd7 5. f4 c5 6. c3 Nc6 7. Ndf3 Qb6 8. a3
Be7 9. b4 cxd4 10. cxd4 a6 11. Nh3 Qc7 12. Bd3 b5 13. O-O Nb6 14. Qc2 g6 15.
Nhg5 Nc4 16. g4 a5 17. f5 gxf5 18. gxf5 Bxg5 19. Bxg5 axb4 20. fxe6 Bxe6 21.
axb4 Kd7 22. Qc3 Rhg8 23. Rxa8 Rxa8 24. Bxc4 bxc4 25. b5 Ne7 26. Qb4 Nf5 27. b6
Rb8 28. Nh4 Rxb6 29. Qa4+ Qc6 30. Qxc6+ Kxc6 31. Nxf5 Bxf5 32. Rxf5 Kb5 33. Bd2
Rb7 34. Kf1 Kc6 35. Bc3 Rb3 36. Rf3 Kb5 37. Kf2 1-0

[Event "V Festival Terre degli Elimi A"]
[Site "Erice ITA"]
[Date "2014.07.25"]
[Round "9"]
[White "Blom, Martijn"]
[Black "Burg, Brent"]
[WhiteElo "2020"]
[BlackElo "2220"]
[Result "1/2-1/2"]
[PlyCount "24"]
[EventDate "2014.07.19"]

1. e4 c5 2. d3 e6 3. Nd2 d5 4. Ngf3 Nc6 5. g3 Nf6 6. Bg2 Be7 7. O-O b5 8. c3
O-O 9. Re1 a5 10. Qc2 b4 11. Nf1 dxe4 12. dxe4 Ba6 1/2-1/2

[Event "V Festival Terre degli Elimi A"]
[Site "Erice ITA"]
[Date "2014.07.25"]
[Round "9"]
[White "Castelli, Giovanni J."]
[Black "Lombardo, Corrado"]
[WhiteElo "1909"]
[BlackElo "1830"]
[Result "0-1"]
[PlyCount "62"]
[EventDate "2014.07.19"]

1. e4 c5 2. Nf3 a6 3. c4 Nc6 4. d4 cxd4 5. Nxd4 e5 6. Nf3 Nf6 7. Bd3 Bc5 8. O-O
O-O 9. Nc3 d6 10. h3 Bd7 11. a3 Rc8 12. b4 Ba7 13. Bb2 Nd4 14. Nxd4 Bxd4 15.
Qb3 Ba7 16. Rac1 Be6 17. Nd5 Nh5 18. Be2 Bxd5 19. cxd5 Nf4 20. Bg4 Qg5 21. Kh2
h5 22. Bf3 Qh4 23. Rc2 g5 24. Bc1 g4 25. Bxf4 exf4 26. Bd1 Bxf2 27. Rd2 Be3 28.
Re2 gxh3 29. gxh3 Kh7 30. Rg2 Rg8 31. Bf3 Rg3 0-1

[Event "V Festival Terre degli Elimi A"]
[Site "Erice ITA"]
[Date "2014.07.25"]
[Round "9"]
[White "De Wachter, Matthias"]
[Black "Savalla, Pietro"]
[WhiteElo "2276"]
[BlackElo "1894"]
[Result "1-0"]
[PlyCount "155"]
[EventDate "2014.07.19"]

1. c4 e5 2. e3 Nf6 3. a3 Be7 4. Nc3 O-O 5. Nf3 d6 6. d3 Nbd7 7. g3 c6 8. Bg2
Ne8 9. O-O Nc7 10. d4 exd4 11. Nxd4 Nb6 12. b3 d5 13. cxd5 Nbxd5 14. Nxd5 Nxd5
15. Bb2 Bf6 16. Qe2 Nc7 17. Rfd1 Qe7 18. b4 g6 19. Rab1 Ne6 20. Nb3 Rb8 21.
Bxf6 Qxf6 22. Qb2 Qxb2 23. Rxb2 Rd8 24. Rbd2 Rxd2 25. Rxd2 Kf8 26. f4 Ke7 27.
Kf2 Bd7 28. Na5 Nd8 29. Rc2 Rc8 30. Nb3 b6 31. Rc3 Ne6 32. e4 c5 33. bxc5 Nxc5
34. Nxc5 Rxc5 35. Rxc5 bxc5 36. Bf1 Be6 37. Ke3 Ba2 38. Kd2 Bb1 39. e5 Ba2 40.
Kc3 Be6 41. Ba6 Kf8 42. a4 Ke7 43. a5 Kf8 44. Bc4 Bd7 45. Bd5 Bb5 46. Bf3 Ke7
47. Bg4 h6 48. h4 Kf8 49. h5 gxh5 50. Bxh5 Ke7 51. Bg4 Kf8 52. Kd2 Ke7 53. Ke3
Bc4 54. f5 Bb5 55. f6+ Ke8 56. Ke4 Bc6+ 57. Kd3 Bd5 58. Kc3 Kf8 59. Be2 Be6 60.
Bc4 Bd7 61. Kd3 Bc6 62. Ke3 Ba4 63. Kf4 Bc2 64. e6 fxe6 65. Bxe6 Bb1 66. Ke5
Bd3 67. Kd5 c4 68. Kd4 h5 69. Bxc4 Bxc4 70. Kxc4 Kf7 71. Kb5 Kxf6 72. Ka6 Kg5
73. Kxa7 Kg4 74. Kb6 Kxg3 75. a6 h4 76. a7 h3 77. a8=Q Kh2 78. Qf3 1-0

[Event "V Festival Terre degli Elimi A"]
[Site "Erice ITA"]
[Date "2014.07.25"]
[Round "9"]
[White "De Wit, Tex"]
[Black "Marzaduri, Riccardo"]
[WhiteElo "2330"]
[BlackElo "1944"]
[Result "1-0"]
[PlyCount "145"]
[EventDate "2014.07.19"]

1. Nf3 Nf6 2. g3 c5 3. Bg2 Nc6 4. O-O g6 5. c4 Bg7 6. Nc3 O-O 7. d3 d6 8. a3
Ne8 9. Rb1 a5 10. Bd2 h6 11. Ne1 Nc7 12. Nc2 e5 13. b4 cxb4 14. axb4 axb4 15.
Nxb4 Nd4 16. Nc2 Nc6 17. Nb4 Nd4 18. e3 Nde6 19. Na4 Bd7 20. Nb6 Rb8 21. Bc3 f5
22. Nxd7 Qxd7 23. Re1 Kh7 24. d4 e4 25. Qd2 Rfc8 26. Rec1 Qf7 27. Qa2 Qd7 28.
h4 g5 29. hxg5 Nxg5 30. Qe2 Qf7 31. Ra1 d5 32. Be1 dxc4 33. Rxc4 Ne8 34. Rxc8
Rxc8 35. f4 exf3 36. Bxf3 Nxf3+ 37. Qxf3 Nd6 38. Nd3 Ne4 39. Rb1 Rc6 40. Rb5
Rf6 41. Ne5 Qc7 42. Kg2 Rf8 43. Bf2 Qc8 44. Qh5 Ng5 45. Qg6+ Kg8 46. Rc5 Qe8
47. Qxe8 Rxe8 48. Nf3 Rf8 49. Nh4 Bf6 50. Rxf5 Ne4 51. Nf3 Kg7 52. Rb5 Rb8 53.
Be1 Nd6 54. Rb6 Nc4 55. Rb3 Bd8 56. e4 b5 57. Kf2 Kf7 58. Ke2 Bc7 59. Kd3 Kg6
60. g4 h5 61. gxh5+ Kxh5 62. e5 Kg6 63. Ke4 Ba5 64. Bg3 Bc7 65. Be1 Ba5 66. Bb4
Bc7 67. Nd2 Re8 68. Nxc4 bxc4 69. Rg3+ Kf7 70. Rc3 Bb6 71. Rxc4 Rd8 72. Bc5 Rc8
73. Rc3 1-0

[Event "V Festival Terre degli Elimi A"]
[Site "Erice ITA"]
[Date "2014.07.25"]
[Round "9"]
[White "Ferro, Mario"]
[Black "Bezemer, Arno"]
[WhiteElo "2242"]
[BlackElo "2287"]
[Result "1-0"]
[PlyCount "67"]
[EventDate "2014.07.19"]

1. d4 Nf6 2. c4 c5 3. d5 e6 4. Nc3 exd5 5. cxd5 d6 6. e4 g6 7. Nf3 Bg7 8. h3
O-O 9. Bd3 Nh5 10. O-O Nd7 11. g4 Nhf6 12. Bf4 Qe7 13. Re1 Ne8 14. Bg3 a6 15.
a4 Rb8 16. Nd2 Ne5 17. Bf1 g5 18. Nc4 Nxc4 19. Bxc4 Bd4 20. Qd2 h6 21. Ne2 Bg7
22. Nc3 Bd4 23. Kg2 Nf6 24. f3 Nd7 25. f4 gxf4 26. Bxf4 h5 27. Ne2 Be5 28. Ng3
hxg4 29. Nf5 Qf6 30. Bg5 Qh8 31. Ne7+ Kg7 32. Bh6+ Kh7 33. hxg4 Rg8 34. Bg5 1-0

[Event "V Festival Terre degli Elimi A"]
[Site "Erice ITA"]
[Date "2014.07.25"]
[Round "9"]
[White "Friesen, Boris"]
[Black "Claesen, Pieter"]
[WhiteElo "2076"]
[BlackElo "2340"]
[Result "1/2-1/2"]
[PlyCount "55"]
[EventDate "2014.07.19"]

1. e4 e6 2. d4 d5 3. Nc3 Nc6 4. Nf3 Nf6 5. Bd3 Nb4 6. Bg5 Be7 7. e5 Nd7 8. Bxe7
Qxe7 9. O-O O-O 10. Re1 c5 11. a3 Nxd3 12. cxd3 b6 13. Rb1 a5 14. Qd2 Ba6 15.
Re3 Rfc8 16. Ne2 c4 17. dxc4 Rxc4 18. Nf4 Nf8 19. Rd1 Rac8 20. Ne1 Ng6 21. Ne2
Nh4 22. Rh3 Bb5 23. Nc3 Be8 24. f4 f5 25. Qf2 Ng6 26. Nd3 Nf8 27. Rd2 R8c7 28.
Re3 1/2-1/2

[Event "V Festival Terre degli Elimi A"]
[Site "Erice ITA"]
[Date "2014.07.25"]
[Round "9"]
[White "Gelardi, Davide"]
[Black "Campo, Renato"]
[WhiteElo "1851"]
[BlackElo "1992"]
[Result "0-1"]
[PlyCount "32"]
[EventDate "2014.07.19"]

1. Nf3 g6 2. c4 c5 3. Nc3 Bg7 4. g3 e5 5. Bg2 Ne7 6. O-O O-O 7. d3 Nbc6 8. e4
d6 9. h3 Rb8 10. Be3 a6 11. a4 Nb4 12. Ne1 f5 13. Qd2 Be6 14. b3 f4 15. Nf3
fxe3 16. fxe3 Bh6 0-1

[Event "V Festival Terre degli Elimi A"]
[Site "Erice ITA"]
[Date "2014.08.25"]
[Round "9"]
[White "Gueci, Tea"]
[Black "Aranaz Murillo, Amalia"]
[WhiteElo "2089"]
[BlackElo "2298"]
[Result "0-1"]
[PlyCount "220"]
[EventDate "2014.07.19"]

1. e4 c6 2. d4 d5 3. exd5 cxd5 4. c4 Nf6 5. Nc3 Nc6 6. Nf3 g6 7. cxd5 Nxd5 8.
Qb3 Nxc3 9. bxc3 Bg7 10. Bb5 O-O 11. Bxc6 bxc6 12. O-O Be6 13. Qa4 Bd5 14. Ne5
Re8 15. Ba3 c5 16. Rfe1 cxd4 17. cxd4 e6 18. Bc5 Qg5 19. g3 Qf5 20. Qd1 h5 21.
Qd3 Qf6 22. h4 Qd8 23. Qe3 Bb7 24. Kh2 Qd5 25. Rg1 Rec8 26. f4 Bf8 27. Nd3 a5
28. a3 Ba6 29. Rac1 Bxd3 30. Bxf8 Be4 31. Bc5 Qa2+ 32. Kh3 Bf5+ 33. g4 hxg4+
34. Kg3 Rab8 35. Rg2 Rb2 36. Rxb2 Qxb2 37. Qc3 Qa2 38. Qc4 Qd2 39. Qc3 Qe2 40.
Re1 Qa2 41. Re3 Qd5 42. Qxa5 Qh1 43. Qe1 Qh3+ 44. Kf2 Qh2+ 45. Kf1 Rb8 46. Bb4
Qxf4+ 47. Ke2 Qxd4 48. Qg3 Rc8 49. Bc3 Qc4+ 50. Kf2 Qa2+ 51. Kg1 Qb1+ 52. Re1
Qc2 53. Ba1 Qc5+ 54. Kh2 Qd5 55. Re2 f6 56. Bxf6 Rc1 57. Qg2 Qf3 58. Qxf3 gxf3
59. Rf2 Be4 60. Kg3 Kf7 61. Bb2 Rc4 62. Rd2 Bd5 63. Be5 Ke7 64. Rb2 Kd7 65. Rb8
Rc2 66. Rb2 Rc1 67. Kf2 Rh1 68. Bg3 Ra1 69. Rb8 Ra2+ 70. Ke1 Re2+ 71. Kf1 Bc4
72. Rb7+ Kc6 73. Rc7+ Kd5 74. Bf2 Re4+ 75. Kg1 Rg4+ 76. Kh1 e5 77. Rc5+ Kd6 78.
a4 Bd5 79. a5 Ra4 80. Rb5 Bc6 81. Rb8 Rxa5 82. Rg8 Be4 83. Kh2 Bf5 84. Kg3 Ra3
85. Rf8 Rc3 86. h5 Ke7 87. Rh8 gxh5 88. Rxh5 Kf6 89. Rh8 Rb3 90. Rf8+ Kg6 91.
Re8 e4 92. Kf4 Rb2 93. Kg3 Ra2 94. Re5 Re2 95. Re8 Bd7 96. Re7 Bb5 97. Rb7 Bd3
98. Re7 Kf6 99. Re8 Ra2 100. Rb8 Kf7 101. Rb7+ Ke6 102. Rb6+ Kd5 103. Rb8 Kc4
104. Rf8 Kc3 105. Be3 Rg2+ 106. Kh3 Bc4 107. Bb6 Rg6 108. Ba7 Kd2 109. Re8 Bd3
110. Bf2 Ke2 0-1

[Event "V Festival Terre degli Elimi A"]
[Site "Erice ITA"]
[Date "2014.07.25"]
[Round "9"]
[White "Hickman, John E."]
[Black "Ravagnani, Tiziano"]
[WhiteElo "1977"]
[BlackElo "2006"]
[Result "0-1"]
[PlyCount "88"]
[EventDate "2014.07.19"]

1. Nf3 Nf6 2. g3 g6 3. Bg2 Bg7 4. O-O O-O 5. d3 d5 6. Nbd2 Bf5 7. c4 c6 8. Rb1
Qc8 9. Re1 Rd8 10. b4 dxc4 11. Nxc4 Nd5 12. Qc2 Bh3 13. Bh1 Na6 14. a3 Nac7 15.
Bb2 f6 16. Qb3 Kf8 17. a4 Qg4 18. Rbd1 b5 19. axb5 cxb5 20. Ne3 Nxe3 21. fxe3
Rac8 22. Bd4 Ne6 23. Bxa7 Rd7 24. Ra1 Bh6 25. Kf2 Qh5 26. Ra6 Bg4 27. d4 Bxf3
28. Bxf3 Qxh2+ 29. Bg2 Ng5 30. Qd3 Rd5 31. Rh1 Nh3+ 32. Kf3 Ng1+ 33. Kf2 Bxe3+
34. Qxe3 Rf5+ 35. Ke1 Qxg2 36. Rxg1 Qxg1+ 37. Qxg1 Rc1+ 38. Kd2 Rxg1 39. Bb8
Rg2 40. Ra8 Rff2 41. Bf4+ Kf7 42. Bh6 Rxe2+ 43. Kd3 Rb2 44. d5 g5 0-1

[Event "V Festival Terre degli Elimi A"]
[Site "Erice ITA"]
[Date "2014.07.25"]
[Round "9"]
[White "Iannello, Antonio"]
[Black "Guccione, Cristoforo"]
[WhiteElo "1933"]
[BlackElo "1835"]
[Result "1/2-1/2"]
[PlyCount "22"]
[EventDate "2014.07.19"]

1. e4 Nc6 2. d4 d5 3. Nc3 e6 4. Nf3 Nf6 5. e5 Ne4 6. Bd2 Nxd2 7. Qxd2 f6 8.
exf6 Qxf6 9. Be2 Bd7 10. a3 Bd6 11. g3 a6 1/2-1/2

[Event "V Festival Terre degli Elimi A"]
[Site "Erice ITA"]
[Date "2014.07.25"]
[Round "9"]
[White "Iordachescu, Viorel"]
[Black "Manakova, Maria"]
[WhiteElo "2593"]
[BlackElo "2273"]
[Result "1-0"]
[PlyCount "77"]
[EventDate "2014.07.19"]

1. e4 e6 2. d4 d5 3. Nc3 Nf6 4. Bg5 dxe4 5. Nxe4 Be7 6. Bxf6 gxf6 7. Qd3 f5 8.
Nc3 a6 9. g4 Nc6 10. O-O-O Nb4 11. Qf3 fxg4 12. Qxg4 Nd5 13. Ne4 Nf6 14. Nxf6+
Bxf6 15. Nf3 h5 16. Qg3 Qe7 17. Ne5 h4 18. Qc3 Rg8 19. Be2 Bxe5 20. dxe5 Bd7
21. Qe3 Bc6 22. Rhe1 Rd8 23. f4 Rxd1+ 24. Rxd1 Kf8 25. Bf1 Kg7 26. a3 Kf8 27.
Kb1 Kg7 28. Bc4 Kf8 29. f5 Qg5 30. Qc5+ Qe7 31. Qe3 Qg5 32. Qa7 Qxf5 33. Qb8+
Be8 34. Qxc7 Kg7 35. Rf1 Qg6 36. Qe7 Qg4 37. Bxe6 Qxe6 38. Rg1+ Kh7 39. Qxh4+
1-0